000 00801nam a2200265Ia 4500
005 20260429112031.0
008 260429s9999||||xx |||||||||||||| ||und||
020 _a9781032305806
041 _aEnglish
082 _a658.7
_bMUB
100 _aMubarik, Muhammad Shujaat
245 0 _aSupply chain mapping, sustainability, and industry 4.0 /
_cMuhammad Shujaat Mubarik
250 _a1st ed.
260 _aUnited Kingdom :
_bRoutledge,
_c2024.
300 _axviii, 144 p.; hb
440 _aRoutledge advances in production and operations management
650 _a Supply chain
650 _a Supply management
650 _aManagement
700 _a Brown, Steve
700 _a Khan, Sharfuddin Ahmed
700 _a Kusi-Sarpong, Simonov
700 _a Zaman, Syed Imran
942 _cTB
999 _c51997
_d51997